Podpora rozhodovacích procesov pri tvorbe a ochrane životného prostredia

Tvorba a ochrana životného prostredia. Rozhodovanie o projektoch vplývajúcich na stav životného prostredia. Metódy a podpora rozhodovacích procesov.

Salvato in:
Dettagli Bibliografici
Autore principale: Kollár, Vojtech
Altri autori: Závodný, Peter
Natura: Capitolo di libro
Lingua:slovacco
Soggetti:
Tags: Aggiungi Tag
Nessun Tag, puoi essere il primo ad aggiungerne!!

MARC

LEADER 00000naa$a2200000$$$4500
001 0036953
005 20240502071453.8
041 0 |a slo 
044 |a SK 
245 1 0 |a Podpora rozhodovacích procesov pri tvorbe a ochrane životného prostredia  |c Vojtech Kollár, Peter Závodný 
520 |a Tvorba a ochrana životného prostredia. Rozhodovanie o projektoch vplývajúcich na stav životného prostredia. Metódy a podpora rozhodovacích procesov. 
610 2 0 |a procesy rozhodovacie 
610 2 0 |a ochrana prostredia životného 
610 2 0 |a projekty 
610 2 0 |a investície 
610 2 0 |a experti 
610 2 0 |a expertízy 
100 1 |a Kollár, Vojtech 
700 1 |a Závodný, Peter